000 01010nam a22003017a 4500
003 CHAP
005 20220329141638.0
008 971013s1969 r 00010 d
010 _a71572
011 _a72544
035 _a82100
040 _cCHAP
090 _aTesis
100 0 0 _aAguilar Castro, Ramón.
_92676
245 _aIntervenciones de la geología en la agricultura, particularmente en el Valle de Canatlán, estado de Durango
260 _aMéxico, D.F. :
_bEl autor,
_c1969
300 _a317 h.
_b: ilus. ; mapas
502 _aTesis (Ing. Geólogo) -- IPN. Escuela Superior de Ingeniería y Agricultura
590 _aALEPH
_b10
_c20130110
_lUCH01
_h1412
590 _aBATCH-UPD
_b10
_c20130110
_lUCH01
_h0347
590 _aBATCH-UPD
_b10
_c20130410
_lUCH01
_h0021
590 _aBATCH-UPD
_b10
_c20130913
_lUCH01
_h2312
590 _aCONVERSION
_b10
_c20130109
_lUCH01
_h1339
650 1 4 _aGeología agrícola.
_947646
901 _aBK
942 _cTESIS
949 _bBC
_cTES
_d-35925
_eTS1
_i82100
_si
999 _c71572
_d71572